[Event "Rouen op 9th"]
[Site "Rouen"]
[Date "2016.12.20"]
[Round "7"]
[White "Argouse, Alexandre"]
[Black "Ferreira, Theo"]
[Result "0-1"]
[WhiteElo "1148"]
[BlackElo "1299"]
[PlyCount "72"]
[EventDate "2016.12.17"]
[EventType "swiss"]
[EventRounds "7"]
[EventCountry "FRA"]
[SourceTitle "CBM 176 Extra"]
[Source "ChessBase"]
[SourceDate "2017.03.02"]
[SourceVersion "1"]
[SourceVersionDate "2017.03.02"]
[SourceQuality "1"]

1. e4 e5 2. Nf3 Nc6 3. Bc4 Bc5 4. c3 Nf6 5. d4 exd4 6. e5 d5 7. Bb5 Ne4 8. cxd4 Bb6 9. 0-0 0-0 10. Nc3 Bg4 11. Be2 Bxf3 12. Bxf3 Nxd4 13. Nxe4 Nxf3+ 14. Qxf3 dxe4 15. Qxe4 Rb8 16. Qg4 Qd4 17. Qxd4 Bxd4 18. Re1 Rfe8 19. Be3 Bxb2 20. Bxa7 Bxa1 21. Bxb8 Rxb8 22. Rxa1 Re8 23. Rb1 Rxe5 24. f4 Re2 25. Rxb7 g6 26. Rxc7 Rxa2 27. h4 Ra4 28. g3 Ra2 29. g4 Ra4 30. h5 Rxf4 31. g5 gxh5 32. Rc2 Rg4+ 33. Rg2 Rxg2+ 34. Kxg2 Kg7 35. Kg3 Kg6 36. Kh4 h6 0-1

[Event "Rouen op 9th"]
[Site "Rouen"]
[Date "2016.12.19"]
[Round "4"]
[White "Thery, Arthus"]
[Black "Argouse, Alexandre"]
[Result "1-0"]
[WhiteElo "1254"]
[BlackElo "1148"]
[PlyCount "41"]
[EventDate "2016.12.17"]
[EventType "swiss"]
[EventRounds "7"]
[EventCountry "FRA"]
[SourceTitle "CBM 176 Extra"]
[Source "ChessBase"]
[SourceDate "2017.03.02"]
[SourceVersion "1"]
[SourceVersionDate "2017.03.02"]
[SourceQuality "1"]

1. e4 c5 2. Nf3 Nc6 3. d4 e6 4. Be3 b6 5. Nc3 g6 6. dxc5 bxc5 7. e5 Bg7 8. Bxc5 Nxe5 9. Nxe5 Bxe5 10. Bd4 Qa5 11. Bb5 Rb8 12. Bxe5 Rxb5 13. Bxh8 Rxb2 14. 0-0 Bb7 15. Rb1 Qg5 16. f3 Rxb1 17. Qxb1 Bxf3 18. Rxf3 Ne7 19. Qb8+ Nc8 20. Qxc8+ Ke7 21. Bf6+ 1-0

[Event "Rouen op 9th"]
[Site "Rouen"]
[Date "2016.12.18"]
[Round "2"]
[White "Leduc, Jean Philippe"]
[Black "Argouse, Alexandre"]
[Result "1-0"]
[WhiteElo "1850"]
[BlackElo "1148"]
[PlyCount "69"]
[EventDate "2016.12.17"]
[EventType "swiss"]
[EventRounds "7"]
[EventCountry "FRA"]
[SourceTitle "CBM 176 Extra"]
[Source "ChessBase"]
[SourceDate "2017.03.02"]
[SourceVersion "1"]
[SourceVersionDate "2017.03.02"]
[SourceQuality "1"]

1. e4 c5 2. c3 Nc6 3. d4 cxd4 4. cxd4 d5 5. e5 Qb6 6. Ne2 Bf5 7. a3 e6 8. Nbc3 a5 9. Na4 Qa7 10. Be3 Rc8 11. Ng3 Bg6 12. Rc1 Nge7 13. Bd3 Bxd3 14. Qxd3 g6 15. 0-0 Bg7 16. Nc3 0-0 17. Rfd1 Qb6 18. Rc2 Rfe8 19. Nb5 Rcd8 20. Rdc1 Qa6 21. Qb3 Qb6 22. Rc3 Bf8 23. Nd6 Qxb3 24. Rxb3 Nf5 25. Ngxf5 Bxd6 26. Nxd6 Rf8 27. Rxb7 Rb8 28. Rxc6 Rxb7 29. Nxb7 Rb8 30. Bh6 f5 31. Rc7 a4 32. Kf1 Ra8 33. Rg7+ Kf8 34. Rxh7+ Kg8 35. Rd7 1-0